000 00581nam a2200169Ia 4500
005 20250721200111.0
008 250721s9999 xx 000 0 und d
020 _a9780714649290
082 _a940.5421316
_bTIS
100 _aTissier, Tony Le
245 0 _aRace for the Reichstag
260 _bPsychology Press
_c1999
300 _a314 pages
500 _aThis account of lays the many myths created by Soviet propaganda to rest and details what exactly happened as the Red Army and the Allies raced to be the first at the Reichstag.
650 _aHistory
942 _cENGLISH
999 _c576734
_d576734